Changing of the Maintenance System in the Production Plant with the Application of Predictive Maintenance

Správne nastavenie procesov a systému údržby nielen zefektívňuje procesy, ale aj skracuje neočakávané prestoje, ktoré by mohli narušiť produktivitu podniku. Prediktívna údržba ako nevyhnutnosť. Analýza súčasnej situácie údržby vo vybranom výrobnom závode a návrh na zlepšenie stavu údržby zavedením p...

Descrizione completa

Salvato in:
Dettagli Bibliografici
Autore principale: Daneshjo, Naqibullah, 1964-
Altri autori: Malega, Peter
Natura: Capitolo di libro
Lingua:inglese
Soggetti:
Tags: Aggiungi Tag
Nessun Tag, puoi essere il primo ad aggiungerne!!

MARC

LEADER 00000naa a2200000 4500
001 0268299
005 20240502083803.9
041 0 |a eng 
044 |a RS 
245 1 0 |a Changing of the Maintenance System in the Production Plant with the Application of Predictive Maintenance  |c Naqibullah Daneshjo, Peter Malega 
520 |a Správne nastavenie procesov a systému údržby nielen zefektívňuje procesy, ale aj skracuje neočakávané prestoje, ktoré by mohli narušiť produktivitu podniku. Prediktívna údržba ako nevyhnutnosť. Analýza súčasnej situácie údržby vo vybranom výrobnom závode a návrh na zlepšenie stavu údržby zavedením prediktívnej údržby. Spotreba náhradných dielov a poruchovosti za rok. 
610 2 0 |a údržba 
610 2 0 |a údržba bežná 
610 2 0 |a zariadenia výrobné 
610 2 0 |a podnik výrobný 
610 2 0 |a stroje 
610 2 0 |a prevencia 
100 1 |a Daneshjo, Naqibullah, 1964- 
700 1 |a Malega, Peter